ਵਿਸਰੇ ਹੋਏ / (Record no. 109832)

MARC details
000 -LEADER
fixed length control field 01108nam a22002657a 4500
005 - DATE AND TIME OF LATEST TRANSACTION
control field 20170123164143.0
010 ## - LIBRARY OF CONGRESS CONTROL NUMBER
LC control number B-124031
020 ## - INTERNATIONAL STANDARD BOOK NUMBER
International Standard Book Number 8171163912
Terms of availability 180.00
035 ## - SYSTEM CONTROL NUMBER
System control number B-124031
037 ## - SOURCE OF ACQUISITION
Source of stock number/acquisition Cen Lib / Ret
040 ## - CATALOGING SOURCE
Original cataloging agency DPL
Language of cataloging PN
082 ## - DEWEY DECIMAL CLASSIFICATION NUMBER
Classification number
Item number ਵਿਏਜ਼
100 ## - MAIN ENTRY--PERSONAL NAME
Personal name ਵਿਏਜ਼ਲ, ਔਲੀ
9 (RLIN) 128897
245 ## - TITLE STATEMENT
Title ਵਿਸਰੇ ਹੋਏ /
Statement of responsibility, etc ਔਲੀ ਵਿਏਜ਼ਲ ; ਪੰਜਾਬੀ ਅਨੁਵਾਦਕ ਕੇ. ਅਲ. ਗਰਗ
246 ## - VARYING FORM OF TITLE
Title proper/short title Baat ik birkh dee /
Remainder of title by S. Suze : : Punjabi translation by K. L. Garg
260 ## - PUBLICATION, DISTRIBUTION, ETC. (IMPRINT)
Place of publication, distribution, etc ਦਿੱਲੀ
Name of publisher, distributor, etc ਨੈਸ਼ਨਲ਼ ਬੂਕ ਸ਼ਾਪ
Date of publication, distribution, etc 2005
270 ## - ADDRESS
Address ਪ੍ਲੇਆਸੁਰ ਗਾਰਡਨ ਮਾਰਕਿਟ, ਚਾਂਦਨੀ ਚੋਕ
City ਦਿੱਲੀ
Postal code 110006
300 ## - PHYSICAL DESCRIPTION
Extent 264p.
Dimensions 21cm(Hb)
650 ## - SUBJECT ADDED ENTRY--TOPICAL TERM
Topical term or geographic name as entry element ਸਾਹਿਤ -- ਪੰਜਾਬੀ
9 (RLIN) 128898
650 ## - SUBJECT ADDED ENTRY--TOPICAL TERM
Topical term or geographic name as entry element ਪੰਜਾਬੀ -- ਨਾਵਲ
9 (RLIN) 128899
650 ## - SUBJECT ADDED ENTRY--TOPICAL TERM
Topical term or geographic name as entry element Literature -- Punjabi
9 (RLIN) 128900
650 ## - SUBJECT ADDED ENTRY--TOPICAL TERM
Topical term or geographic name as entry element Punjabi -- Novel
9 (RLIN) 6285
700 ## - ADDED ENTRY--PERSONAL NAME
Personal name ਕੇ. ਅਲ. ਗਰਗ
9 (RLIN) 71179
942 ## - ADDED ENTRY ELEMENTS (KOHA)
Source of classification or shelving scheme Dewey Decimal Classification
Koha item type Punjabi Bks
Classification part
Call number suffix ਵਿਏਜ਼
Holdings
Withdrawn status Lost status Damaged status Not for loan Home library Current library Date acquired Source of acquisition Cost, normal purchase price Total Checkouts Full call number Barcode Date last seen Copy number Cost, replacement price Price effective from Koha item type
        Central Library Central Library 08/01/2016 Cen Lib/Ret 180.00   ਓ ਵਿਏਜ਼ B-124031 08/01/2016 1 180.00 15/09/2016 Punjabi Bks

© Delhi Public Library
Hit Counter
free hit counter